Central Library OPAC University of Rajshahi

Turcobyzantina et Oriens Christianus / (Record no. 25646)

MARC details
000 -LEADER
fixed length control field 00929nam a2200301 a 4500
001 - CONTROL NUMBER
control field 25646
003 - CONTROL NUMBER IDENTIFIER
rucl marc code DB-RjUL
005 - DATE AND TIME OF LATEST TRANSACTION
control field 20211209050915.0
008 - FIXED-LENGTH DATA ELEMENTS--GENERAL INFORMATION
fixed length control field 140318t1974 enk 001 0 fre d
020 ## - INTERNATIONAL STANDARD BOOK NUMBER
International Standard Book Number 0902089714
035 ## - SYSTEM CONTROL NUMBER
System control number (BD-RjUL)25716
040 ## - CATALOGING SOURCE
Original cataloging agency DLC
Transcribing agency DLC
Modifying agency EQO
-- BD-RjUL
Language of cataloging eng
041 0# - LANGUAGE CODE
Language code of text/sound track or separate title freeng
082 00 - DEWEY DECIMAL CLASSIFICATION NUMBER
Classification number 949.5
Author mark and year CAT 1974
100 1# - MAIN ENTRY--PERSONAL NAME
Personal name Cahen, Claude.
9 (RLIN) 78799
245 10 - TITLE STATEMENT
Title Turcobyzantina et Oriens Christianus /
Statement of responsibility, etc. Claude Cahen ; préface de Hélène Ahrweiler
260 ## - PUBLICATION, DISTRIBUTION, ETC. (IMPRINT)
Place of publication, distribution, etc. London :
Name of publisher, distributor, etc. Variorum Reprints,
Date of publication, distribution, etc. 1974.
300 ## - PHYSICAL DESCRIPTION
Pagination 376 p. ;
Size 23 cm.
490 1# - SERIES STATEMENT
Series statement Collected studies ;
Volume/sequential designation CS34
500 ## - GENERAL NOTE
General note Reprint of articles in French or English published in various journals, 1934-1974
504 ## - BIBLIOGRAPHY, ETC. NOTE
Bibliography, etc Includes index.
651 #0 - SUBJECT ADDED ENTRY--GEOGRAPHIC NAME
Geographic name Byzantine Empire
9 (RLIN) 78800
Geographic name Latin Orient
9 (RLIN) 44664
830 #0 - SERIES ADDED ENTRY--UNIFORM TITLE
Volume number/sequential designation CS34.
Uniform title Collected studies ;
942 ## - ADDED ENTRY ELEMENTS (KOHA)
Source of classification or shelving scheme Dewey Decimal Classification
Koha item type Books
Holdings
Lost status Source of classification or shelving scheme Damaged status Not for loan Collection code Permanent Location Current Location Shelving location Date acquired Source of acquisition Cost, normal purchase price Total Checkouts Full call number Date last seen Copy number Koha item type
  Dewey Decimal Classification   Added to bundle Non-fiction Central Library, University of Rajshahi Central Library, University of Rajshahi Reading Room 15/11/1980 Heffer 14.50   949.5 CAT 1974 18/03/2014 C-1 Books